| 000 | 04308nam a22003977a 4500 | ||
|---|---|---|---|
| 005 | 20120529121854.0 | ||
| 010 | _aB-467468-481 | ||
| 020 |
_a8189355104 _c200.00 |
||
| 035 | _aB-467468-481 | ||
| 037 | _bब्लूबेरी बुक्स | ||
| 082 | _aक | ||
| 100 |
_aचमोला, दिनेश "शैलेश" _948113 |
||
| 245 | _aदादी की कहानियां/ | ||
| 260 |
_aदिल्ली _bऊर्जा प्रकाशन _c2011 |
||
| 270 |
_a1362, अप्पर मैज्जनाइन फ्लोर, कश्मीरी गेट _bदिल्ली _e110032 |
||
| 300 |
_a104 पृ. _bसचित्र _c24 सें.मी. (सजिल्द) |
||
| 650 |
_aकहानियां _948114 |
||
| 700 |
_aचमोला, दिनेश _939774 |
||
| 942 |
_2ddc _cCH _hक _mचमोला |
||
| 999 |
_c61250 _d61250 |
||